| 000 | 00797nam a22002777a 4500 | ||
|---|---|---|---|
| 001 | 7180 | ||
| 003 | FISKH | ||
| 005 | 20250701142551.0 | ||
| 008 | 250701b cb ||||| |||| 00| 0 eng d | ||
| 040 |
_aFISKH _beng _cFISKH _dFISKH |
||
| 050 | _aQL77.F65 | ||
| 082 | _a590.7 | ||
| 100 | _aFoley, Cate | ||
| 245 |
_aLet's go to the zoo / _cby Cate Foley |
||
| 250 | _aFirst Scholastic printing, September 2002 | ||
| 260 |
_aNew York : _bScholastic, _c2001. |
||
| 300 |
_a24 pages : _bcolor illustrations ; _c16 cm |
||
| 490 | _aWelcome Books | ||
| 505 | _aE | ||
| 520 | _aA short introduction to zoos, introducing related vocabulary. | ||
| 521 | 8 |
_a270
_bLexile |
|
| 521 | 8 |
_aE
_bRaz-Plus |
|
| 650 |
_aAnimals _vNon-fiction _xScience |
||
| 942 |
_2ddc _cBK _n0 |
||
| 999 |
_c7180 _d7180 |
||